[Event "VIE-ch U09 Girls"]
[Site "Ho Chi Minh City"]
[Date "2014.07.17"]
[Round "7"]
[White "Lam, Nguyen Y Nhi"]
[Black "Nguyen, Huong Giang"]
[Result "1/2-1/2"]
[WhiteElo "1567"]
[BlackElo "1591"]
[PlyCount "102"]
[EventDate "2014.07.13"]
[EventType "swiss"]
[EventRounds "9"]
[EventCountry "VIE"]
[SourceTitle "EXT 2016"]
[Source "ChessBase"]
[SourceDate "2015.10.08"]
[SourceVersion "1"]
[SourceVersionDate "2015.10.08"]
[SourceQuality "1"]

1. d4 d5 2. Bf4 Bf5 3. e3 e6 4. Nc3 Nf6 5. Nf3 Bb4 6. Be2 Ne4 7. 0-0 Bxc3 8. bxc3 Nxc3 9. Qd2 Nxe2+ 10. Qxe2 0-0 11. Ng5 h6 12. Nh3 Nc6 13. Qf3 Bxc2 14. Qg3 Qf6 15. Bxc7 Rac8 16. Be5 Nxe5 17. dxe5 Qg6 18. Rfe1 Qf5 19. Qf4 Qg6 20. Qg3 Qf5 21. Qf4 f6 22. Qxf5 Bxf5 23. exf6 Rxf6 24. Nf4 Rcf8 25. Rac1 Bh7 26. Rc7 d4 27. Rxb7 e5 28. Nh5 Rxf2 29. Rxg7+ Kh8 30. exd4 Bd3 31. h3 R2f5 32. g4 Rf1+ 33. Rxf1 Rxf1+ 34. Kg2 exd4 35. Rxa7 Ra1 36. Kf2 Bc4 37. Nf4 Rf1+ 38. Kg3 d3 39. Rd7 Bb5 40. Rd8+ Kg7 41. Nxd3 Rd1 42. a4 Bxd3 43. a5 Be2 44. Rxd1 Bxd1 45. a6 Ba4 46. a7 Bc6 47. Kf4 Kf6 48. h4 Ba8 49. g5+ hxg5+ 50. hxg5+ Kg7 51. Kf5 Bc6 1/2-1/2